00716nam a2200241 a 4500001001300000003000900013005001700022008004100039020001000080082001800090100003100108245004400139260003100183300000900214500003500223505001000258650002700268700003100295902000800326942000700334952011800341999001500459nice12345678IN_TiNIC20260116012237.0050524s1921 hyda grp 000 0 urd  ac10000a491.4393bASG aAsghar Raja, Rajeshwar Rao aAl-Qamus-Ul-Jadeed, Lughat Arabi Jadeed aHyderabadbTaj Pressc1921 a220p aincludes index and biblioraphy2 aIndex aDictionary-Urdu Arabic1 aAsghar Raja, Rajeshwar Rao bSRS cBK 001040708StackRoom-aHMIbHMId2007-06-07g100.00l0o491.4393 ASGp09854r2007-06-07v100.00w2005-05-24yBK c6218d6218